| 000 | 00520nam a2200169 4500 | ||
|---|---|---|---|
| 001 | 121152 | ||
| 003 | ES-MaACL | ||
| 005 | 20230906191711.0 | ||
| 007 | t| | ||
| 008 | 070214s1971 sp r ||||1| spa d | ||
| 100 | 1 |
_aPons Roselló, Jaime. _993026 |
|
| 245 | 1 | 0 |
_aCría de truchas / _cJaime Pons Roselló ; cubierta de Antonio Aguirre. |
| 260 |
_aMadrid : _bCapacitación Agraria, _c1971. |
||
| 300 |
_a70 p., 1 lám. : _bil. ; _c24 cm. |
||
| 700 | 1 |
_aAguirre, Antonio. _918810 |
|
| 852 |
_aES-MaACL _jC-45043 _bR.78406 |
||
| 999 |
_c121152 _d121152 |
||